[Event "Varna U2200 op"]
[Site "Varna"]
[Date "2019.07.06"]
[Round "5"]
[White "Nikolov, Krasen"]
[Black "Mladenov, Elian"]
[Result "1/2-1/2"]
[WhiteElo "1955"]
[BlackElo "1327"]
[PlyCount "42"]
[EventDate "2019.07.02"]
[EventType "swiss"]
[EventRounds "7"]
[EventCountry "BUL"]
[SourceTitle "EXT 2020"]
[Source "ChessBase"]
[SourceDate "2019.10.17"]
[SourceVersion "1"]
[SourceVersionDate "2019.10.17"]
[SourceQuality "1"]

1. d4 Nf6 2. e3 g6 3. Bd3 Bg7 4. f4 d6 5. Nf3 0-0 6. 0-0 Nbd7 7. e4 e5 8. fxe5 dxe5 9. d5 Nc5 10. Qe2 Nxd3 11. Qxd3 Nd7 12. Bg5 Qe8 13. Nc3 Nb6 14. Nb5 Qd7 15. c4 a6 16. Nc3 Qd6 17. Be3 Qb4 18. b3 f5 19. a3 Qxb3 20. Nd2 fxe4 21. Rxf8+ Bxf8 1/2-1/2

[Event "Varna U2200 op"]
[Site "Varna"]
[Date "2019.07.04"]
[Round "3"]
[White "Nikolov, Krasen"]
[Black "Stoyanov, Stoyan Or"]
[Result "0-1"]
[WhiteElo "1955"]
[BlackElo "2166"]
[PlyCount "90"]
[EventDate "2019.07.02"]
[EventType "swiss"]
[EventRounds "7"]
[EventCountry "BUL"]
[SourceTitle "EXT 2020"]
[Source "ChessBase"]
[SourceDate "2019.10.17"]
[SourceVersion "1"]
[SourceVersionDate "2019.10.17"]
[SourceQuality "1"]

1. c4 g6 2. Nc3 Bg7 3. g3 d6 4. Bg2 Nd7 5. e4 e5 6. Nge2 Ne7 7. 0-0 0-0 8. d3 f5 9. Be3 h6 10. f4 exf4 11. Nxf4 Ne5 12. h3 fxe4 13. Nxe4 Nf5 14. Bf2 Nh4 15. gxh4 Rxf4 16. Bg3 Rxf1+ 17. Qxf1 Be6 18. Qe2 Qd7 19. Kh2 Rf8 20. Rf1 Rxf1 21. Qxf1 Bf5 22. b3 Nc6 23. Qd1 Qe7 24. h5 g5 25. Qf3 Nd4 26. Qf2 Qf7 27. Bf3 Bxh3 28. Kxh3 Qxf3 29. Qxf3 Nxf3 30. Kg4 Nd4 31. Bf2 Nc6 32. Kf5 Kf7 33. Be1 Nd4+ 34. Kg4 Ke6 35. Bd2 Nc6 36. Nf2 Bd4 37. Kg3 Ne5 38. Ng4 Nf7 39. Kf3 Kf5 40. Kg3 Be5+ 41. Kf3 Bg7 42. Ne3+ Ke6 43. Ke4 c6 44. Nf5 d5+ 45. cxd5+ cxd5+ 0-1

[Event "Dimitrovgrad op"]
[Site "Dimitrovgrad"]
[Date "2011.09.06"]
[Round "7"]
[White "Angelov, Angel"]
[Black "Nikolov, Krasen"]
[Result "1-0"]
[WhiteElo "2210"]
[BlackElo "2030"]
[PlyCount "83"]
[EventDate "2011.09.05"]
[EventType "swiss"]
[EventRounds "7"]
[EventCountry "BUL"]
[SourceTitle "CBM 144 Extra"]
[Source "ChessBase"]
[SourceDate "2011.10.28"]
[SourceVersion "1"]
[SourceVersionDate "2011.10.28"]
[SourceQuality "1"]

1. Nf3 Nf6 2. g3 g6 3. Bg2 Bg7 4. 0-0 0-0 5. c4 d6 6. Nc3 e5 7. d3 Nc6 8. Rb1 h6 9. b4 Nd7 10. b5 Ne7 11. Nd2 f5 12. Qc2 Nf6 13. a4 Rb8 14. a5 Be6 15. Ba3 g5 16. Qb3 f4 17. Nde4 Nf5 18. Nxf6+ Bxf6 19. Ne4 Qd7 20. Qd1 Bg7 21. c5 Rfd8 22. cxd6 cxd6 23. Qd2 b6 24. Bb4 d5 25. Nc3 Rbc8 26. axb6 axb6 27. Ba3 Bf8 28. Bxf8 Rxf8 29. Na4 Rb8 30. Rfc1 fxg3 31. hxg3 Nd4 32. Qe3 Qd6 33. Nc3 Nf5 34. Qd2 Nd4 35. Qd1 Rbc8 36. e3 Nf5 37. Ne2 d4 38. exd4 exd4 39. Rc6 Rxc6 40. bxc6 Rb8 41. Qc2 Ne7 42. Qa4 1-0

[Event "Varna op 4th"]
[Site "Varna"]
[Date "2010.06.16"]
[Round "5"]
[White "Qadimbayli, Qoshgar"]
[Black "Nikolov, Krasen"]
[Result "1/2-1/2"]
[WhiteElo "1728"]
[BlackElo "2064"]
[PlyCount "85"]
[EventDate "2010.06.12"]
[EventType "swiss"]
[EventRounds "9"]
[EventCountry "BUL"]
[SourceTitle "CBM 136 Extra"]
[Source "ChessBase"]
[SourceDate "2010.07.02"]
[SourceVersion "2"]
[SourceVersionDate "2010.07.15"]
[SourceQuality "1"]

1. e4 c5 2. Nf3 e6 3. c4 Nc6 4. Nc3 a6 5. d4 cxd4 6. Nxd4 Qc7 7. Be3 Nf6 8. Be2 Bb4 9. f3 d5 10. exd5 exd5 11. 0-0 dxc4 12. Bxc4 0-0 13. Rc1 Nxd4 14. Qxd4 Rd8 15. Bxf7+ Kh8 16. Qxb4 Qxf7 17. Rfd1 Re8 18. Bf2 Be6 19. b3 Rad8 20. Bh4 Rxd1+ 21. Rxd1 Nd5 22. Nxd5 Bxd5 23. Qd2 Bc6 24. h3 h6 25. Bg3 Qg6 26. Kh2 Bb5 27. Qc3 Bc6 28. Rd6 Qg5 29. Qd4 Rf8 30. Be5 Kh7 31. h4 Qe7 32. Kh3 Qf7 33. Qd3+ Qf5+ 34. Qxf5+ Rxf5 35. f4 h5 36. Kg3 Rf7 37. Kh2 Rd7 38. a4 Rxd6 39. Bxd6 Kg6 40. Be5 Kf7 41. Kg1 g6 42. Kf2 Ke6 43. a5 1/2-1/2

[Event "BUL-ch qual"]
[Site "Pleven"]
[Date "2006.01.28"]
[Round "1"]
[White "Nikolov, Krasen"]
[Black "Rusev, Krasimir"]
[Result "0-1"]
[WhiteElo "2020"]
[BlackElo "2399"]
[PlyCount "126"]
[EventDate "2006.01.28"]
[EventType "swiss"]
[EventRounds "9"]
[EventCountry "BUL"]
[SourceTitle "CBM 110 Extra"]
[Source "ChessBase"]
[SourceDate "2006.03.10"]
[SourceVersion "2"]
[SourceVersionDate "2006.03.10"]
[SourceQuality "1"]

1. d4 Nf6 2. e3 d6 3. c4 g6 4. Nc3 Bg7 5. g3 0-0 6. Bg2 Nbd7 7. Nge2 e5 8. 0-0 Re8 9. b3 h5 10. dxe5 Nxe5 11. Bb2 h4 12. Nf4 Rb8 13. f3 hxg3 14. hxg3 a6 15. Qd2 b5 16. cxb5 axb5 17. Rad1 Nfd7 18. Nce2 b4 19. Nc1 Ba6 20. Rfe1 Nc5 21. Bd4 Qg5 22. Kf2 Bb7 23. Qb2 Qf5 24. Bh3 Qf6 25. Bg2 Ne6 26. Nxe6 fxe6 27. e4 c5 28. Bxe5 Qxe5 29. Qxe5 Bxe5 30. Ne2 Rbd8 31. f4 Bg7 32. Rd2 Ba6 33. Rc1 Kf7 34. Rcd1 Ke7 35. Bf3 Rh8 36. Kg2 Bb5 37. Rh1 Rxh1 38. Kxh1 d5 39. exd5 exd5 40. Kg2 Bc3 41. Rd1 d4 42. Nc1 Kd6 43. Be4 Rg8 44. Kf3 g5 45. fxg5 Rxg5 46. Rh1 c4 47. Rd1 Rg7 48. g4 Rf7+ 49. Bf5 Ke5 50. Kg3 Ra7 51. Bb1 Rg7 52. Bf5 Rg8 53. Ne2 cxb3 54. Nxc3 bxc3 55. axb3 Rg7 56. Ra1 Kd5 57. Kf4 Kc5 58. Ke5 d3 59. Kf6 Rg8 60. Ra7 d2 61. Ra1 Be2 62. g5 d1Q 63. Rxd1 Bxd1 0-1